El mar de Ulises y Porlamar / (Record no. 127934)

MARC details
000 -LEADER
campo de control de longitud fija 00574nam a2200181 4500
001 - NÚMERO DE CONTROL
campo de control 127934
003 - IDENTIFICADOR DE NÚMERO DE CONTROL
campo de control ES-MaACL
005 - FECHA Y HORA DE LA ÚLTIMA TRANSACCIÓN
campo de control 20231228171732.0
007 - CAMPO FIJO DE DESCRIPCIÓN FÍSICA--INFORMACIÓN GENERAL
campo de control de longitud fija t|
008 - DATOS DE LONGITUD FIJA--INFORMACIÓN GENERAL
campo de control de longitud fija 070214s1952 sp r ||||1| spa d
100 1# - ENTRADA PRINCIPAL--NOMBRE DE PERSONA
Nombre de persona Rivero, Pedro.
9 (RLIN) 97689
245 13 - MENCIÓN DEL TÍTULO
Título El mar de Ulises y Porlamar /
Mención de responsabilidad, etc. Pedro Rivero ; prólogo de Pedro Mourlane Michelena.
260 ## - PUBLICACIÓN, DISTRIBUCIÓN, ETC.
Lugar de publicación, distribución, etc. Mallorca :
Nombre del editor, distribuidor, etc. [s. n.],
Fecha de publicación, distribución, etc. 1952 (
Fabricante Tall. Mossé Alcover)
300 ## - DESCRIPCIÓN FÍSICA
Extensión XX, 184 p. ;
Dimensiones 18 cm.
700 1# - ENTRADA AGREGADA--NOMBRE PERSONAL
Nombre de persona Mourlane Michelena, Pedro
9 (RLIN) 83905
852 ## - LOCALIZACIÓN
Ubicación ES-MaACL
Número de control de estantería D-9199
Sublocalización o colección R.33967
Holdings
Estatus retirado Estado de pérdida Estado de daño No para préstamo Biblioteca de origen Biblioteca actual Ubicación en estantería Fecha de adquisición Fuente de adquisición Total de préstamos Signatura topográfica completa Código de barras Visto por última vez Precio de reemplazo Tipo de ítem Koha
        Biblioteca del Ateneo de Madrid Biblioteca del Ateneo de Madrid Sala Valle Inclán 17/01/2008     D-9199 901133248 23/02/2023 23/02/2023 Libro impreso